000 00689nam a22002057a 4500
005 20140616154734.0
010 _aENG-110210
020 _a9788132117360
_c995.00
035 _aEN-93742
037 _bDBAD/PUB
082 _a332
100 _aSrinivasan, Girija
245 _aMicrofinance India :
_cby Girija Srinivasan
_bthe social performance report 2013 /
260 _aNew Delhi
_bSAGE Publications
_c2014
270 _aB1/I-1 Mohan Cooperative Industrial Area Mathura Road
_bNew Delhi
_e110044
300 _axviii,156p.
_c28cm(pbk)
500 _aIncludes bibliographical references and index
650 _aMicrofinance
_zIndia.
942 _2ddc
_cEN
_mSRI
_h332
999 _c85086
_d85086